000 00297nam a22001457a 4500
008 230522b ||||| |||| 00| 0 eng d
020 _a9782757829950
041 _aeng
080 _a82
082 _a82FRA
100 _a38
101 _aGJL
245 _aFREEDOM
_cFRANZEN.J
942 _2udc
_cBK
999 _c59786
_d59786